| 000 | 01540nam a22003977a 4500 | ||
|---|---|---|---|
| 003 | CHAP | ||
| 005 | 20220329134509.0 | ||
| 008 | 971013s1987 r 00010 d | ||
| 010 | _a21195 | ||
| 011 | _a22167 | ||
| 035 | _a26260 | ||
| 040 | _cCHAP | ||
| 082 |
_a630.72 _bI55no 1984-85 |
||
| 110 |
_aINIFAP. México. Centro de Investigaciones Agrícolas del Noroeste _958778 |
||
| 245 | _aAvances de la investigación CIANO otoño-invierno 1984-1985 | ||
| 260 |
_aCd. Obregón, Son. : _bINIFAP, _c1987 |
||
| 300 | _a127 p. | ||
| 490 |
_aAvances de la investigación CIANO _v; 17 |
||
| 500 | _ac. de INIA. México. Centro... Avances | ||
| 590 |
_aBATCH-UPD _b10 _c20130110 _lUCH01 _h1016 |
||
| 590 |
_aBATCH-UPD _b10 _c20130410 _lUCH01 _h0623 |
||
| 590 |
_aBATCH-UPD _b10 _c20130913 _lUCH01 _h2119 |
||
| 590 |
_aBATCH-UPD _b10 _c20130914 _lUCH01 _h1855 |
||
| 590 |
_aCONVERSION _b10 _c20130109 _lUCH01 _h1313 |
||
| 650 | 1 | 4 |
_aAgricultura _xBaja California. _91316 |
| 650 | 1 | 4 |
_aAgricultura _xInvestigacion _xBaja California. _91585 |
| 650 | 1 | 4 |
_aAgricultura _xInvestigación _xSonora. _91676 |
| 650 | 1 | 4 |
_aAgricultura _xSonora. _91824 |
| 700 | 0 |
_aPacheco M., Francisco _ecomp. _984565 |
|
| 830 | 0 |
_aAvances de la investigación CIANO _v; 17 _98481 |
|
| 901 | _aBK | ||
| 942 | _cLIBRO | ||
| 949 |
_a630.72 I55no 1984-85 _bBC _cCONG _d-60661 _eCONG _fc.3 _h80433 _i26260 _si |
||
| 949 |
_a630.72 I55no 1984-85 _bBC _cLIBRO _d33724000041323 _eLIBRO _h80921 _i26260 _si |
||
| 949 |
_a630.72 I55no 1984-85 _bBC _cLIBRO _d33724000041331 _eLIBRO _fc.2 _h80922 _i26260 _si |
||
| 999 |
_c21195 _d21195 |
||